Veľký slovník cudzích slov

Salvato in:
Dettagli Bibliografici
Autore principale: Šaling, Samo
Altri autori: Ivanová-Šalingová, Mária, Maníková, Zuzana
Natura: Libro
Lingua:slovacco
Pubblicazione: Bratislava SAMO 2003
Edizione:3. revid. a dopl. vyd.
Soggetti:
Tags: Aggiungi Tag
Nessun Tag, puoi essere il primo ad aggiungerne!!

MARC

LEADER 00000nam$a2200000$$$4500
001 0006494
005 20240318113244.2
020 |a 80-89123-02-3 
041 0 |a slo 
044 |a SK 
245 1 0 |a Veľký slovník cudzích slov  |c Samo Šaling, Mária Ivanová-Šalingová, Zuzana Maníková 
250 |a 3. revid. a dopl. vyd. 
264 1 |a Bratislava  |b SAMO  |c 2003 
300 |a 1370 s. 
610 2 0 |a jazykoveda 
610 2 0 |a terminológia 
100 1 |a Šaling, Samo 
700 1 |a Ivanová-Šalingová, Mária 
700 1 |a Maníková, Zuzana